Los inmigrantes en San Luis y su relación con los nativos (Record no. 10612)

MARC details
000 -LEADER
campo de control de longitud fija 01107nam a2200361 a 4500
003 - IDENTIFICADOR DE NÚMERO DE CONTROL
campo de control AR-BaBNM
005 - FECHA Y HORA DE LA ÚLTIMA TRANSACCIÓN
campo de control 20251128205244.0
008 - DATOS DE LONGITUD FIJA--INFORMACIÓN GENERAL
campo de control de longitud fija 082120s2002 ||||||||||||||000 | spa||
040 ## - FUENTE DE CATALOGACIÓN
Centro/agencia transcriptor AR-BaBNM
110 2# - ENTRADA PRINCIPAL--NOMBRE DE ENTIDAD CORPORATIVA
Nombre de entidad corporativa o nombre de jurisdicción como elemento de entrada Universidad Nacional de San Luis
245 00 - MENCIÓN DEL TÍTULO
Título Los inmigrantes en San Luis y su relación con los nativos
250 ## - MENCION DE EDICION
Mención de edición 1ª ed.
260 ## - PUBLICACIÓN, DISTRIBUCIÓN, ETC.
Lugar de publicación, distribución, etc. San Luis
Nombre del editor, distribuidor, etc. Universitaria San Luis
Fecha de publicación, distribución, etc. 1994
300 ## - DESCRIPCIÓN FÍSICA
Extensión 388 p.
Otros detalles físicos il., mapas, láms., tablas
500 ## - NOTA GENERAL
Nota general Al final de cada trabajo contiene apéndice documental
650 #4 - PUNTO DE ACCESO ADICIONAL DE MATERIA--TÉRMINO DE MATERIA
Término de materia o nombre geográfico como elemento de entrada HISTORIA SOCIAL
650 #4 - PUNTO DE ACCESO ADICIONAL DE MATERIA--TÉRMINO DE MATERIA
Término de materia o nombre geográfico como elemento de entrada HISTORIA ECONOMICA
650 #4 - PUNTO DE ACCESO ADICIONAL DE MATERIA--TÉRMINO DE MATERIA
Término de materia o nombre geográfico como elemento de entrada INMIGRACION EN ARGENTINA
650 #4 - PUNTO DE ACCESO ADICIONAL DE MATERIA--TÉRMINO DE MATERIA
Término de materia o nombre geográfico como elemento de entrada HISTORIA DE LAS COSTUMBRES
650 #4 - PUNTO DE ACCESO ADICIONAL DE MATERIA--TÉRMINO DE MATERIA
Término de materia o nombre geográfico como elemento de entrada DEMOGRAFIA HISTORICA
650 #4 - PUNTO DE ACCESO ADICIONAL DE MATERIA--TÉRMINO DE MATERIA
Término de materia o nombre geográfico como elemento de entrada HISTORIA PROVINCIAL ARGENTINA
650 #4 - PUNTO DE ACCESO ADICIONAL DE MATERIA--TÉRMINO DE MATERIA
Término de materia o nombre geográfico como elemento de entrada HISTORIA PUNTANA
700 1# - ENTRADA AGREGADA--NOMBRE PERSONAL
Nombre de persona López Lucero, Marta L.
700 1# - ENTRADA AGREGADA--NOMBRE PERSONAL
Nombre de persona Domeniconi, Susana L.
700 1# - ENTRADA AGREGADA--NOMBRE PERSONAL
Nombre de persona Becerra Batán, Marcela
700 1# - ENTRADA AGREGADA--NOMBRE PERSONAL
Nombre de persona Bentolila, Saada
700 1# - ENTRADA AGREGADA--NOMBRE PERSONAL
Nombre de persona Borruat, Martha
700 1# - ENTRADA AGREGADA--NOMBRE PERSONAL
Nombre de persona Navarini, Julio
700 1# - ENTRADA AGREGADA--NOMBRE PERSONAL
Nombre de persona Clavijo, Patricia M.
700 1# - ENTRADA AGREGADA--NOMBRE PERSONAL
Nombre de persona Centeno de Gil, Rosa
942 ## - ELEMENTOS DE ENTRADA SECUNDARIOS (KOHA)
Tipo de ítem Koha Libros
998 ## - INFORMACIÓN DE CONTROL LOCAL (RLIN)
Iniciales del catalogador, CIN (RLIN) mariana
Holdings
Estatus retirado Estado de pérdida Fuente de la clasificación o esquema de estantería Estado de daño Restricciones de uso No para préstamo Biblioteca de origen Biblioteca actual Fecha de adquisición Total de préstamos Signatura topográfica completa Código de barras Visto por última vez Precio de reemplazo Tipo de ítem Koha
    Clasificación Decimal Dewey   Acceso restringido No para préstamo Liberty Liberty 28/11/2025   982.57 LUC 105846 28/11/2025 28/11/2025 Libros